000 00610nam a22001935i 4500
001 68530
003 ES-MaACL
005 20250822063129.0
007 t|
008 960808s1873 fr ||||1| fre d
040 _aCAM
_bspa
_cCAM
100 1 _aGarnier, Joseph,
_d1813-1881
_9154520
245 1 0 _aTraité d'economie politique sociale ou industrielle ... /
_cpar Joseph Garnier.
250 _a7ª éd. revue et augmentée.
260 _aParis :
_bGarnier fréres etc.,
_c1873 (
_fSimon Racon et Comp.)
300 _aXVI, 784 p. ;
_c18 cm.
852 _aES-MaACL
_jD-1015
999 _c68530
_d68530